[Event "World Chess Olympiad 2018"]
[Site "Batumi"]
[Date "2018.10.02"]
[Round "8"]
[Board "2"]
[WhiteFideId "16100352"]
[White "Mohamud Hussein Ali"]
[BlackFideId "4701178"]
[Black "Pasko Llambi"]
[Result "0-1"]
[LiveChessVersion "1.4.8"]
[BlackElo "2386"]
[WhiteElo "1694"]

1. d4 {[%clk 1:29:28]} Nf6 {[%clk 1:30:46]} 2. c4 {[%clk 1:29:52]} g6
{[%clk 1:30:51]} 3. Nf3 {[%clk 1:28:35]} Bg7 {[%clk 1:31:02]} 4. g3
{[%clk 1:26:50]} O-O {[%clk 1:31:10]} 5. Nc3 {[%clk 1:25:29]} d6 {[%clk 1:31:30]}
6. e4 {[%clk 1:23:29]} c5 {[%clk 1:26:35]} 7. d5 {[%clk 1:19:24]} e6
{[%clk 1:25:49]} 8. Bg5 {[%clk 1:17:51]} h6 {[%clk 1:25:54]} 9. Bxf6
{[%clk 1:13:18]} Bxf6 {[%clk 1:22:46]} 10. Qd2 {[%clk 1:11:47]} Bg7
{[%clk 1:20:54]} 11. O-O-O {[%clk 1:08:03]} exd5 {[%clk 1:18:23]} 12. Nxd5
{[%clk 1:02:01]} Nc6 {[%clk 1:18:29]} 13. h3 {[%clk 0:58:20]} a6 {[%clk 1:17:53]}
14. Kb1 {[%clk 0:54:12]} Be6 {[%clk 1:16:51]} 15. Nf4 {[%clk 0:40:58]} Qf6
{[%clk 1:16:03]} 16. Be2 {[%clk 0:40:48]} b5 {[%clk 1:16:12]} 17. Nd5
{[%clk 0:37:26]} Qd8 {[%clk 1:15:29]} 18. cxb5 {[%clk 0:32:44]} axb5
{[%clk 1:13:15]} 19. Bxb5 {[%clk 0:30:41]} Nb4 {[%clk 1:13:34]} 20. a3
{[%clk 0:27:56]} Bxd5 {[%clk 1:09:37]} 21. exd5 {[%clk 0:27:41]} Qf6
{[%clk 1:10:01]} 22. Ne1 {[%clk 0:23:30]} Rxa3 {[%clk 1:10:14]} 23. Nd3
{[%clk 0:10:39]} Rxd3 {[%clk 1:09:45]} 24. Bxd3 {[%clk 0:10:06]} 0-1

[Event "World Chess Olympiad 2018"]
[Site "Batumi"]
[Date "2018.10.02"]
[Round "8"]
[Board "3"]
[WhiteFideId "4700066"]
[White "Ashiku Franc"]
[BlackFideId "16100468"]
[Black "Abdikani Nor Mohamed"]
[Result "1-0"]
[LiveChessVersion "1.4.8"]
[BlackElo "1517"]
[WhiteElo "2373"]

1. Nf3 {[%clk 1:30:41]} Nf6 {[%clk 1:30:29]} 2. g3 {[%clk 1:31:04]} g6
{[%clk 1:30:50]} 3. Bg2 {[%clk 1:31:27]} Bg7 {[%clk 1:31:06]} 4. O-O
{[%clk 1:31:46]} O-O {[%clk 1:31:22]} 5. d4 {[%clk 1:31:49]} d5 {[%clk 1:29:41]}
6. c4 {[%clk 1:32:06]} c6 {[%clk 1:26:30]} 7. b3 {[%clk 1:31:13]} Bg4
{[%clk 1:23:10]} 8. Ne5 {[%clk 1:31:13]} Be6 {[%clk 1:22:19]} 9. Nd2
{[%clk 1:30:39]} Nbd7 {[%clk 1:22:05]} 10. Nd3 {[%clk 1:30:20]} Re8
{[%clk 1:18:04]} 11. Bb2 {[%clk 1:29:39]} Bf5 {[%clk 1:11:34]} 12. Nf3
{[%clk 1:28:39]} dxc4 {[%clk 1:06:07]} 13. bxc4 {[%clk 1:28:57]} Qc7
{[%clk 1:02:09]} 14. Rc1 {[%clk 1:26:01]} c5 {[%clk 0:55:42]} 15. d5
{[%clk 1:24:53]} Rad8 {[%clk 0:50:39]} 16. Nh4 {[%clk 1:22:00]} Bxd3
{[%clk 0:49:11]} 17. Qxd3 {[%clk 1:16:49]} Ne5 {[%clk 0:40:22]} 18. Qb3
{[%clk 1:12:42]} b6 {[%clk 0:38:56]} 19. e4 {[%clk 1:09:02]} Nh5 {[%clk 0:33:56]}
20. Ba1 {[%clk 1:06:09]} Nd7 {[%clk 0:30:21]} 21. Bxg7 {[%clk 1:06:06]} Nxg7
{[%clk 0:27:21]} 22. f4 {[%clk 1:06:01]} f6 {[%clk 0:19:39]} 23. e5
{[%clk 0:48:21]} fxe5 {[%clk 0:17:51]} 24. f5 {[%clk 0:48:44]} g5
{[%clk 0:16:14]} 25. Nf3 {[%clk 0:48:43]} h6 {[%clk 0:16:22]} 26. g4
{[%clk 0:48:39]} Nf6 {[%clk 0:15:38]} 27. h3 {[%clk 0:48:35]} Rf8
{[%clk 0:12:28]} 28. Qe3 {[%clk 0:47:14]} e4 {[%clk 0:11:16]} 29. Nd2
{[%clk 0:47:28]} Qd6 {[%clk 0:10:56]} 30. Bxe4 {[%clk 0:46:51]} Rd7
{[%clk 0:07:56]} 31. Bg2 {[%clk 0:45:40]} Rf7 {[%clk 0:07:19]} 32. Nf3
{[%clk 0:43:55]} Qg3 {[%clk 0:06:13]} 33. Qe2 {[%clk 0:43:04]} Nxg4
{[%clk 0:02:30]} 34. hxg4 {[%clk 0:42:43]} Qxg4 {[%clk 0:02:52]} 35. Rce1
{[%clk 0:41:39]} Rxf5 {[%clk 0:02:48]} 36. Ne5 {[%clk 0:40:26]} Qd4+
{[%clk 0:03:00]} 37. Qe3 {[%clk 0:39:46]} Rxf1+ {[%clk 0:01:01]} 38. Kxf1
{[%clk 0:39:59]} Qxe3 {[%clk 0:01:19]} 39. Rxe3 {[%clk 0:40:21]} Rd8
{[%clk 0:01:36]} 40. Nc6 {[%clk 1:10:39]} Rd7 {[%clk 0:31:07]} 41. Bh3
{[%clk 1:10:45]} Rc7 {[%clk 0:29:53]} 42. Nxe7+ {[%clk 1:11:02]} Kf7
{[%clk 0:24:28]} 43. d6 {[%clk 1:11:15]} 1-0

[Event "World Chess Olympiad 2018"]
[Site "Batumi"]
[Date "2018.10.02"]
[Round "8"]
[Board "1"]
[WhiteFideId "3301478"]
[White "Gemy Jose Daniel"]
[BlackFideId "5600618"]
[Black "Zerafa Robert"]
[Result "1-0"]
[LiveChessVersion "1.4.8"]
[BlackElo "2085"]
[WhiteElo "2400"]

1. e4 {[%clk 1:30:40]} e5 {[%clk 1:29:36]} 2. Nf3 {[%clk 1:31:04]} Nc6
{[%clk 1:30:02]} 3. Bc4 {[%clk 1:31:26]} Bc5 {[%clk 1:30:27]} 4. O-O
{[%clk 1:31:49]} Nf6 {[%clk 1:28:05]} 5. b4 {[%clk 1:21:16]} Bxb4
{[%clk 1:24:40]} 6. c3 {[%clk 1:21:42]} Be7 {[%clk 1:22:20]} 7. d4
{[%clk 1:21:44]} d6 {[%clk 1:19:04]} 8. Nbd2 {[%clk 1:20:07]} O-O
{[%clk 1:16:19]} 9. Bd3 {[%clk 1:14:35]} Re8 {[%clk 1:00:22]} 10. h3
{[%clk 1:10:54]} Bf8 {[%clk 0:58:43]} 11. Re1 {[%clk 1:08:14]} Rb8
{[%clk 0:55:17]} 12. a4 {[%clk 1:07:49]} exd4 {[%clk 0:43:58]} 13. cxd4
{[%clk 1:07:55]} Nb4 {[%clk 0:44:20]} 14. Bb1 {[%clk 1:07:37]} a5
{[%clk 0:44:49]} 15. Nb3 {[%clk 0:49:11]} d5 {[%clk 0:36:59]} 16. e5
{[%clk 0:46:54]} Ne4 {[%clk 0:36:52]} 17. Bb2 {[%clk 0:39:22]} Bf5
{[%clk 0:30:23]} 18. Qe2 {[%clk 0:17:03]} Bg6 {[%clk 0:29:46]} 19. Nxa5
{[%clk 0:12:32]} c5 {[%clk 0:26:50]} 20. Nc4 {[%clk 0:12:47]} Ng5
{[%clk 0:26:05]} 21. Ne3 {[%clk 0:11:13]} c4 {[%clk 0:25:56]} 22. Nf5
{[%clk 0:10:03]} Nxf3+ {[%clk 0:20:11]} 23. Qxf3 {[%clk 0:10:18]} Nc6
{[%clk 0:15:12]} 24. Ne3 {[%clk 0:09:37]} Qa5 {[%clk 0:12:46]} 25. Bxg6
{[%clk 0:09:42]} hxg6 {[%clk 0:12:30]} 26. Nxd5 {[%clk 0:05:42]} Rbd8
{[%clk 0:10:50]} 27. Nf4 {[%clk 0:02:27]} Nxd4 {[%clk 0:08:24]} 28. Bxd4
{[%clk 0:02:21]} Rxd4 {[%clk 0:08:53]} 29. e6 {[%clk 0:01:45]} Qf5
{[%clk 0:06:39]} 30. exf7+ {[%clk 0:01:10]} Qxf7 {[%clk 0:07:01]} 31. Rxe8
{[%clk 0:01:29]} Qxe8 {[%clk 0:07:28]} 32. Rb1 {[%clk 0:00:44]} c3
{[%clk 0:06:20]} 33. Ne2 {[%clk 0:00:49]} Rb4 {[%clk 0:04:46]} 34. Rc1
{[%clk 0:00:33]} Rxa4 {[%clk 0:03:20]} 35. Nxc3 {[%clk 0:00:49]} Rb4
{[%clk 0:02:41]} 36. Nd5 {[%clk 0:01:04]} Rb2 {[%clk 0:02:50]} 37. Nf4
{[%clk 0:00:37]} Qf7 {[%clk 0:01:57]} 38. Rc8 {[%clk 0:00:35]} Rb6
{[%clk 0:01:14]} 39. Qg4 {[%clk 0:00:34]} Rf6 {[%clk 0:01:28]} 40. g3
{[%clk 0:30:36]} b6 {[%clk 0:00:29]} 41. Qg5 {[%clk 0:25:55]} Rd6
{[%clk 0:29:27]} 42. Qe5 {[%clk 0:24:21]} Qd7 {[%clk 0:25:26]} 43. Rb8
{[%clk 0:22:15]} Qc6 {[%clk 0:19:21]} 44. Kh2 {[%clk 0:16:48]} Qc5
{[%clk 0:16:15]} 45. Qe2 {[%clk 0:14:48]} Rf6 {[%clk 0:15:29]} 46. h4
{[%clk 0:09:20]} Kh7 {[%clk 0:14:41]} 47. Nh3 {[%clk 0:08:51]} Qd5
{[%clk 0:09:53]} 48. Kg1 {[%clk 0:06:10]} Kg8 {[%clk 0:05:06]} 49. Qb2
{[%clk 0:04:56]} Re6 {[%clk 0:02:55]} 50. Qb4 {[%clk 0:02:37]} Qd6
{[%clk 0:00:49]} 51. Qb3 {[%clk 0:02:36]} Qxb8 {[%clk 0:00:37]} 52. Qxe6+
{[%clk 0:03:00]} Kh7 {[%clk 0:00:46]} 53. Ng5+ {[%clk 0:03:01]} Kh6
{[%clk 0:01:03]} 54. Qg8 {[%clk 0:02:49]} Kh5 {[%clk 0:01:25]} 55. Qh7+
{[%clk 0:02:11]} Kg4 {[%clk 0:01:43]} 56. Qxg6 {[%clk 0:02:26]} Bc5
{[%clk 0:01:24]} 57. Kg2 {[%clk 0:01:21]} 1-0

[Event "World Chess Olympiad 2018"]
[Site "Batumi"]
[Date "2018.10.02"]
[Round "8"]
[Board "2"]
[WhiteFideId "5600189"]
[White "Pace Colin"]
[BlackFideId "3303187"]
[Black "Aguilar Luis Miguel"]
[Result "1-0"]
[LiveChessVersion "1.4.8"]
[BlackElo "2203"]
[WhiteElo "2132"]

1. e4 {[%clk 1:30:56]} d6 {[%clk 1:30:46]} 2. d4 {[%clk 1:31:09]} Nf6
{[%clk 1:31:03]} 3. Nc3 {[%clk 1:31:31]} Nbd7 {[%clk 1:31:26]} 4. Nf3
{[%clk 1:30:44]} e5 {[%clk 1:31:31]} 5. Bc4 {[%clk 1:30:38]} Be7 {[%clk 1:31:46]}
6. O-O {[%clk 1:30:05]} h6 {[%clk 1:31:59]} 7. a4 {[%clk 1:29:10]} c6
{[%clk 1:32:18]} 8. a5 {[%clk 1:27:11]} Qc7 {[%clk 1:32:28]} 9. Qe2
{[%clk 1:24:04]} g5 {[%clk 1:30:53]} 10. dxe5 {[%clk 1:23:00]} dxe5
{[%clk 1:30:42]} 11. h4 {[%clk 1:20:24]} g4 {[%clk 1:30:05]} 12. Nh2
{[%clk 1:20:46]} h5 {[%clk 1:23:52]} 13. f4 {[%clk 0:57:49]} g3 {[%clk 0:29:00]}
14. Nf3 {[%clk 0:51:09]} Ng4 {[%clk 0:29:20]} 15. Ng5 {[%clk 0:44:18]} Bc5+
{[%clk 0:29:08]} 16. Kh1 {[%clk 0:44:41]} Nf2+ {[%clk 0:15:37]} 17. Rxf2
{[%clk 0:36:49]} gxf2 {[%clk 0:15:58]} 18. Bxf7+ {[%clk 0:36:24]} Ke7
{[%clk 0:16:18]} 19. Bd2 {[%clk 0:32:10]} exf4 {[%clk 0:11:49]} 20. b4
{[%clk 0:13:14]} Bd4 {[%clk 0:06:37]} 21. Qc4 {[%clk 0:11:41]} Qd6
{[%clk 0:06:00]} 22. Rf1 {[%clk 0:04:56]} Be3 {[%clk 0:03:03]} 23. Bxe3
{[%clk 0:01:43]} fxe3 {[%clk 0:03:28]} 24. e5 {[%clk 0:01:16]} Qxe5
{[%clk 0:03:47]} 25. Bg8 {[%clk 0:00:55]} Nf6 {[%clk 0:00:33]} 26. Qf7+
{[%clk 0:01:02]} Kd8 {[%clk 0:01:00]} 27. Rd1+ {[%clk 0:01:12]} Bd7
{[%clk 0:01:26]} 28. Ne6+ {[%clk 0:00:49]} Kc8 {[%clk 0:00:32]} 29. Qf8+
{[%clk 0:01:10]} Ne8 {[%clk 0:00:33]} 30. Qxe8+ {[%clk 0:01:34]} 1-0

[Event "World Chess Olympiad 2018"]
[Site "Batumi"]
[Date "2018.10.02"]
[Round "8"]
[Board "3"]
[WhiteFideId "3303144"]
[White "Pinto Daniel"]
[BlackFideId "5601061"]
[Black "Darmanin Jake"]
[Result "1-0"]
[LiveChessVersion "1.4.8"]
[BlackElo "2069"]
[WhiteElo "2131"]

1. Nf3 {[%clk 1:30:53]} d5 {[%clk 1:30:35]} 2. g3 {[%clk 1:31:02]} g6
{[%clk 1:30:38]} 3. Bg2 {[%clk 1:31:26]} Bg7 {[%clk 1:30:52]} 4. O-O
{[%clk 1:31:30]} e5 {[%clk 1:26:21]} 5. d3 {[%clk 1:31:25]} Nc6 {[%clk 1:23:26]}
6. Nbd2 {[%clk 1:29:06]} Nf6 {[%clk 1:22:24]} 7. c4 {[%clk 1:29:13]} O-O
{[%clk 1:16:27]} 8. a3 {[%clk 1:24:53]} Re8 {[%clk 1:06:56]} 9. cxd5
{[%clk 1:23:20]} Nxd5 {[%clk 1:06:55]} 10. Nc4 {[%clk 1:23:29]} h6
{[%clk 1:02:24]} 11. Bd2 {[%clk 1:17:16]} e4 {[%clk 0:52:36]} 12. dxe4
{[%clk 1:07:22]} Rxe4 {[%clk 0:49:53]} 13. Rc1 {[%clk 1:07:44]} Re8
{[%clk 0:45:42]} 14. b4 {[%clk 1:01:49]} a6 {[%clk 0:38:21]} 15. Re1
{[%clk 0:54:10]} Be6 {[%clk 0:36:50]} 16. Qc2 {[%clk 0:47:47]} Qe7
{[%clk 0:33:37]} 17. e4 {[%clk 0:41:52]} Nf6 {[%clk 0:28:53]} 18. Ne3
{[%clk 0:25:54]} Rad8 {[%clk 0:26:32]} 19. Bc3 {[%clk 0:23:48]} Qf8
{[%clk 0:19:53]} 20. Nd2 {[%clk 0:07:17]} Nh5 {[%clk 0:09:51]} 21. Nd5
{[%clk 0:04:23]} Rd7 {[%clk 0:06:04]} 22. Nb3 {[%clk 0:02:58]} Bxc3
{[%clk 0:01:50]} 23. Qxc3 {[%clk 0:03:16]} Bxd5 {[%clk 0:01:54]} 24. exd5
{[%clk 0:03:39]} Nd8 {[%clk 0:01:12]} 25. Bf3 {[%clk 0:01:23]} Ng7
{[%clk 0:01:20]} 26. Nc5 {[%clk 0:01:41]} Rxe1+ {[%clk 0:01:11]} 27. Rxe1
{[%clk 0:02:05]} Re7 {[%clk 0:01:08]} 28. Rc1 {[%clk 0:00:53]} Nf5
{[%clk 0:00:54]} 29. Ne4 {[%clk 0:00:45]} Qg7 {[%clk 0:00:59]} 30. Nf6+
{[%clk 0:00:39]} Kh8 {[%clk 0:00:37]} 31. Be4 {[%clk 0:00:41]} Nd6
{[%clk 0:00:54]} 32. f3 {[%clk 0:00:56]} h5 {[%clk 0:00:46]} 33. h3
{[%clk 0:01:06]} Nb5 {[%clk 0:00:42]} 34. Qb2 {[%clk 0:00:45]} Nd6
{[%clk 0:00:44]} 35. Qc3 {[%clk 0:01:09]} Nb5 {[%clk 0:01:10]} 36. Qa1
{[%clk 0:01:28]} Nd6 {[%clk 0:01:25]} 37. g4 {[%clk 0:01:53]} Ne8
{[%clk 0:00:37]} 38. g5 {[%clk 0:01:35]} Nd6 {[%clk 0:00:53]} 39. a4
{[%clk 0:01:16]} b6 {[%clk 0:00:36]} 40. Qc3 {[%clk 0:30:44]} N8b7
{[%clk 0:30:32]} 41. a5 {[%clk 0:26:47]} b5 {[%clk 0:09:28]} 42. Qd4
{[%clk 0:26:41]} Ne8 {[%clk 0:06:40]} 43. Rc6 {[%clk 0:22:21]} Rd7
{[%clk 0:03:57]} 44. Rxa6 {[%clk 0:17:37]} Rd6 {[%clk 0:03:15]} 45. Ra8
{[%clk 0:09:02]} Nd8 {[%clk 0:03:00]} 46. Qe5 {[%clk 0:09:09]} Nxf6
{[%clk 0:02:24]} 47. gxf6 {[%clk 0:09:31]} Qh6 {[%clk 0:01:21]} 48. f4
{[%clk 0:09:53]} Qf8 {[%clk 0:00:52]} 49. Qe7 {[%clk 0:08:31]} Kg8
{[%clk 0:01:04]} 50. Rc8 {[%clk 0:08:40]} c6 {[%clk 0:00:52]} 51. Qxf8+
{[%clk 0:08:42]} Kxf8 {[%clk 0:01:19]} 52. a6 {[%clk 0:09:03]} 1-0

[Event "World Chess Olympiad 2018"]
[Site "Batumi"]
[Date "2018.10.02"]
[Round "8"]
[Board "4"]
[WhiteFideId "5600359"]
[White "Psaila Clarence"]
[BlackFideId "3302105"]
[Black "Rozo Paulo"]
[Result "1-0"]
[LiveChessVersion "1.4.8"]
[BlackElo "2157"]
[WhiteElo "2002"]

1. Nf3 {[%clk 1:30:56]} Nf6 {[%clk 1:30:46]} 2. c4 {[%clk 1:31:20]} c5
{[%clk 1:30:34]} 3. Nc3 {[%clk 1:31:45]} Nc6 {[%clk 1:30:32]} 4. d4
{[%clk 1:32:09]} cxd4 {[%clk 1:30:39]} 5. Nxd4 {[%clk 1:32:32]} g6
{[%clk 1:30:54]} 6. e4 {[%clk 1:32:04]} Bg7 {[%clk 1:29:24]} 7. Be3
{[%clk 1:31:49]} O-O {[%clk 1:26:24]} 8. Be2 {[%clk 1:31:52]} d6 {[%clk 1:18:03]}
9. O-O {[%clk 1:30:19]} Nxd4 {[%clk 1:12:28]} 10. Bxd4 {[%clk 1:30:29]} Bd7
{[%clk 1:04:58]} 11. Rc1 {[%clk 1:18:07]} Bc6 {[%clk 1:03:14]} 12. f3
{[%clk 1:18:24]} a5 {[%clk 0:58:43]} 13. Nd5 {[%clk 1:13:19]} Nd7
{[%clk 0:50:20]} 14. Bxg7 {[%clk 1:11:07]} Kxg7 {[%clk 0:50:45]} 15. Qd4+
{[%clk 1:11:26]} e5 {[%clk 0:48:06]} 16. Qe3 {[%clk 1:08:22]} Bxd5
{[%clk 0:42:49]} 17. cxd5 {[%clk 1:08:24]} Nc5 {[%clk 0:43:08]} 18. f4
{[%clk 1:02:20]} f6 {[%clk 0:41:46]} 19. Bg4 {[%clk 0:51:06]} Qe7
{[%clk 0:35:49]} 20. f5 {[%clk 0:26:35]} g5 {[%clk 0:22:13]} 21. h4
{[%clk 0:26:36]} h6 {[%clk 0:22:31]} 22. Kf2 {[%clk 0:25:37]} Rh8
{[%clk 0:18:16]} 23. Bh5 {[%clk 0:24:55]} Qd7 {[%clk 0:16:19]} 24. b3
{[%clk 0:13:48]} Qb5 {[%clk 0:14:23]} 25. a4 {[%clk 0:09:06]} Qd3
{[%clk 0:12:59]} 26. Kf3 {[%clk 0:06:32]} Qxe3+ {[%clk 0:10:23]} 27. Kxe3
{[%clk 0:07:00]} Ra6 {[%clk 0:10:41]} 28. Be2 {[%clk 0:05:41]} Rb6
{[%clk 0:10:35]} 29. Bb5 {[%clk 0:05:41]} gxh4 {[%clk 0:09:42]} 30. Rh1
{[%clk 0:05:39]} Kh7 {[%clk 0:00:59]} 31. Rxh4 {[%clk 0:05:59]} Rg8
{[%clk 0:01:25]} 32. Rch1 {[%clk 0:02:28]} Rxg2 {[%clk 0:01:38]} 33. Rxh6+
{[%clk 0:02:48]} Kg7 {[%clk 0:00:34]} 34. Rh7+ {[%clk 0:02:57]} Kg8
{[%clk 0:01:03]} 35. Rh8+ {[%clk 0:03:21]} 1-0

[Event "World Chess Olympiad 2018"]
[Site "Batumi"]
[Date "2018.10.02"]
[Round "8"]
[Board "1"]
[WhiteFideId "10300163"]
[White "Al-Hajiri Bader"]
[BlackFideId "13202340"]
[Black "Lee Jun Hyeok"]
[Result "1/2-1/2"]
[LiveChessVersion "1.4.8"]
[BlackElo "2263"]
[WhiteElo "2112"]

1. e4 {[%clk 1:30:55]} g6 {[%clk 1:30:38]} 2. d4 {[%clk 1:31:12]} Bg7
{[%clk 1:31:03]} 3. Nc3 {[%clk 1:31:03]} d6 {[%clk 1:31:27]} 4. Nf3
{[%clk 1:31:00]} a6 {[%clk 1:31:28]} 5. Be3 {[%clk 1:29:00]} b5 {[%clk 1:31:36]}
6. Bd3 {[%clk 1:28:36]} Bb7 {[%clk 1:30:14]} 7. Qd2 {[%clk 1:28:52]} Nd7
{[%clk 1:30:13]} 8. a4 {[%clk 1:29:10]} b4 {[%clk 1:30:19]} 9. Ne2
{[%clk 1:29:34]} c5 {[%clk 1:29:39]} 10. c3 {[%clk 1:29:41]} Ngf6
{[%clk 1:28:43]} 11. Ng3 {[%clk 1:28:51]} bxc3 {[%clk 1:20:41]} 12. bxc3
{[%clk 1:29:04]} Qa5 {[%clk 1:20:26]} 13. O-O {[%clk 1:26:41]} O-O
{[%clk 1:17:46]} 14. Rfb1 {[%clk 1:25:32]} Rab8 {[%clk 1:16:21]} 15. h3
{[%clk 1:25:12]} Rfc8 {[%clk 1:02:00]} 16. Qe2 {[%clk 1:22:53]} d5
{[%clk 0:51:28]} 17. Rxb7 {[%clk 1:17:02]} Rxb7 {[%clk 0:51:50]} 18. Bxa6
{[%clk 1:17:28]} Rcb8 {[%clk 0:31:20]} 19. Bxb7 {[%clk 1:17:43]} Rxb7
{[%clk 0:31:49]} 20. e5 {[%clk 1:11:18]} Ne4 {[%clk 0:32:03]} 21. Nxe4
{[%clk 1:11:29]} dxe4 {[%clk 0:32:32]} 22. Ng5 {[%clk 1:11:41]} Qxc3
{[%clk 0:32:41]} 23. Rc1 {[%clk 1:11:35]} Qa5 {[%clk 0:28:46]} 24. e6
{[%clk 1:09:31]} fxe6 {[%clk 0:28:25]} 25. Qg4 {[%clk 1:09:40]} Nf8
{[%clk 0:24:33]} 26. Rxc5 {[%clk 1:05:26]} Qxa4 {[%clk 0:22:58]} 27. Qxe4
{[%clk 1:03:56]} Qd7 {[%clk 0:22:11]} 28. Ra5 {[%clk 1:03:14]} h6
{[%clk 0:19:30]} 29. Nf3 {[%clk 1:02:35]} Rb5 {[%clk 0:18:28]} 30. Ra6
{[%clk 0:58:18]} Qb7 {[%clk 0:17:37]} 1/2-1/2

[Event "World Chess Olympiad 2018"]
[Site "Batumi"]
[Date "2018.10.02"]
[Round "8"]
[Board "2"]
[WhiteFideId "13203088"]
[White "Kwon Sehyun"]
[BlackFideId "10300040"]
[Black "Al Azmi Khalaf"]
[Result "1-0"]
[LiveChessVersion "1.4.8"]
[BlackElo "1785"]
[WhiteElo "2129"]

1. e4 {[%clk 1:30:55]} e5 {[%clk 1:30:36]} 2. Nf3 {[%clk 1:31:17]} Nc6
{[%clk 1:30:59]} 3. Bb5 {[%clk 1:31:40]} f5 {[%clk 1:31:17]} 4. d3
{[%clk 1:31:15]} fxe4 {[%clk 1:30:39]} 5. dxe4 {[%clk 1:31:38]} Nf6
{[%clk 1:29:45]} 6. O-O {[%clk 1:30:57]} d6 {[%clk 1:21:48]} 7. Qd3
{[%clk 1:28:28]} a6 {[%clk 1:19:31]} 8. Ba4 {[%clk 1:15:57]} h6 {[%clk 1:03:09]}
9. Nc3 {[%clk 1:05:46]} b5 {[%clk 1:01:48]} 10. Bb3 {[%clk 1:05:18]} Na5
{[%clk 0:58:00]} 11. Rd1 {[%clk 0:44:39]} Nxb3 {[%clk 0:50:39]} 12. axb3
{[%clk 0:44:49]} Bb7 {[%clk 0:49:08]} 13. Qe2 {[%clk 0:34:49]} Qc8
{[%clk 0:45:27]} 14. h3 {[%clk 0:31:22]} Be7 {[%clk 0:42:55]} 15. Nh4
{[%clk 0:28:41]} O-O {[%clk 0:39:52]} 16. Nf5 {[%clk 0:27:02]} Bd8
{[%clk 0:34:30]} 17. g4 {[%clk 0:19:17]} Kh7 {[%clk 0:31:26]} 18. f3
{[%clk 0:18:57]} Ng8 {[%clk 0:27:02]} 19. Nd5 {[%clk 0:17:22]} Bxd5
{[%clk 0:24:07]} 20. Rxd5 {[%clk 0:17:21]} Ne7 {[%clk 0:22:16]} 21. Nxe7
{[%clk 0:17:21]} Bxe7 {[%clk 0:21:49]} 22. Kg2 {[%clk 0:15:45]} Rf7
{[%clk 0:18:13]} 23. Be3 {[%clk 0:15:19]} Qb7 {[%clk 0:17:42]} 24. Rdd1
{[%clk 0:12:20]} Raf8 {[%clk 0:15:38]} 25. Rf1 {[%clk 0:12:42]} c6
{[%clk 0:12:20]} 26. Qd3 {[%clk 0:11:27]} Kh8 {[%clk 0:11:28]} 27. Rad1
{[%clk 0:11:37]} Rf6 {[%clk 0:10:25]} 28. h4 {[%clk 0:11:04]} Bd8
{[%clk 0:07:29]} 29. Bd2 {[%clk 0:09:40]} d5 {[%clk 0:06:34]} 30. Bb4
{[%clk 0:08:25]} R8f7 {[%clk 0:05:14]} 31. exd5 {[%clk 0:08:31]} cxd5
{[%clk 0:04:36]} 32. Qxd5 {[%clk 0:08:35]} Qxd5 {[%clk 0:04:03]} 33. Rxd5
{[%clk 0:08:58]} Bc7 {[%clk 0:03:51]} 34. Bc3 {[%clk 0:09:02]} Rc6
{[%clk 0:03:36]} 35. Rf2 {[%clk 0:07:35]} Re7 {[%clk 0:03:18]} 36. Re2
{[%clk 0:05:39]} Rce6 {[%clk 0:03:11]} 37. Re4 {[%clk 0:05:56]} Kg8
{[%clk 0:02:58]} 38. Bb4 {[%clk 0:05:31]} Re8 {[%clk 0:03:22]} 39. c4
{[%clk 0:05:39]} a5 {[%clk 0:03:24]} 40. Bc5 {[%clk 0:33:14]} b4 {[%clk 0:32:48]}
41. Rd7 {[%clk 0:30:15]} Bd8 {[%clk 0:30:44]} 42. Bd6 {[%clk 0:29:27]} Bxh4
{[%clk 0:28:46]} 43. Bc7 {[%clk 0:29:08]} Bg5 {[%clk 0:26:04]} 44. Bxa5
{[%clk 0:28:41]} Bf4 {[%clk 0:25:21]} 45. Bxb4 {[%clk 0:28:03]} Rb8
{[%clk 0:22:50]} 46. c5 {[%clk 0:23:04]} Ra6 {[%clk 0:22:07]} 47. Rc4
{[%clk 0:21:55]} Ra2 {[%clk 0:19:05]} 48. Bc3 {[%clk 0:20:51]} Rxb3
{[%clk 0:14:45]} 49. c6 {[%clk 0:20:10]} e4 {[%clk 0:09:29]} 50. c7
{[%clk 0:19:41]} exf3+ {[%clk 0:09:08]} 51. Kxf3 {[%clk 0:19:55]} Bxc7
{[%clk 0:07:25]} 52. Rxg7+ {[%clk 0:20:08]} 1-0

[Event "World Chess Olympiad 2018"]
[Site "Batumi"]
[Date "2018.10.02"]
[Round "8"]
[Board "3"]
[WhiteFideId "10300198"]
[White "AlShourfaa Hazaa"]
[BlackFideId "13200518"]
[Black "Kim Saebyeok"]
[Result "0-1"]
[LiveChessVersion "1.4.8"]
[BlackElo "1999"]
[WhiteElo "1783"]

1. e4 {[%clk 1:30:45]} c5 {[%clk 1:30:54]} 2. Nc3 {[%clk 1:30:58]} Nc6
{[%clk 1:31:15]} 3. g3 {[%clk 1:31:16]} g6 {[%clk 1:31:35]} 4. Bg2
{[%clk 1:31:43]} Bg7 {[%clk 1:32:00]} 5. d3 {[%clk 1:32:06]} d6 {[%clk 1:32:23]}
6. f4 {[%clk 1:32:26]} e6 {[%clk 1:32:39]} 7. Nf3 {[%clk 1:28:41]} Nge7
{[%clk 1:33:03]} 8. O-O {[%clk 1:28:32]} O-O {[%clk 1:33:27]} 9. Be3
{[%clk 1:28:56]} b6 {[%clk 1:32:22]} 10. Qd2 {[%clk 1:22:03]} d5 {[%clk 1:31:09]}
11. Bf2 {[%clk 1:21:42]} dxe4 {[%clk 1:29:01]} 12. dxe4 {[%clk 1:20:47]} Qxd2
{[%clk 1:27:20]} 13. Nxd2 {[%clk 1:21:15]} Ba6 {[%clk 1:27:33]} 14. Rfd1
{[%clk 1:17:05]} Rad8 {[%clk 1:27:30]} 15. e5 {[%clk 1:17:14]} Nd4
{[%clk 1:19:14]} 16. Bxd4 {[%clk 1:06:33]} cxd4 {[%clk 1:19:28]} 17. Nce4
{[%clk 1:05:56]} Nf5 {[%clk 1:16:51]} 18. Nf3 {[%clk 0:55:37]} Bb7
{[%clk 1:12:21]} 19. Nf2 {[%clk 0:48:37]} Ne3 {[%clk 1:05:15]} 20. Rxd4
{[%clk 0:45:25]} Rxd4 {[%clk 1:04:53]} 21. Nxd4 {[%clk 0:44:45]} Nxg2
{[%clk 1:04:49]} 22. Nb5 {[%clk 0:40:53]} Ne3 {[%clk 1:04:33]} 23. Nxa7
{[%clk 0:38:26]} Nxc2 {[%clk 1:04:40]} 24. Rc1 {[%clk 0:38:05]} Nd4
{[%clk 1:04:50]} 25. Rc7 {[%clk 0:35:53]} Bd5 {[%clk 1:04:37]} 26. Nc8 Nf3+
{[%clk 1:02:04]} 27. Kf1 {[%clk 0:35:10]} Nxh2+ {[%clk 1:02:20]} 28. Ke2
{[%clk 0:35:19]} Bg2 {[%clk 1:01:28]} 29. Nxb6 {[%clk 0:34:40]} Rb8
{[%clk 0:59:16]} 30. Rc8+ {[%clk 0:31:56]} Rxc8 {[%clk 0:59:29]} 31. Nxc8
{[%clk 0:32:25]} Bf8 {[%clk 0:59:37]} 32. Nd6 {[%clk 0:30:08]} Bxd6
{[%clk 0:59:28]} 33. exd6 {[%clk 0:30:37]} Kf8 {[%clk 0:59:39]} 34. Nd3
{[%clk 0:29:02]} Ke8 {[%clk 0:47:25]} 35. Nc5 {[%clk 0:27:36]} Ng4
{[%clk 0:35:19]} 36. a4 {[%clk 0:24:34]} Nf6 {[%clk 0:35:42]} 37. Kd3
{[%clk 0:24:09]} Nd7 {[%clk 0:35:46]} 38. Kc4 {[%clk 0:20:01]} h5
{[%clk 0:20:28]} 39. a5 {[%clk 0:18:07]} Bf1+ {[%clk 0:12:07]} 40. Kd4
{[%clk 0:46:28]} e5+ {[%clk 0:34:26]} 41. fxe5 {[%clk 0:45:38]} Nxc5
{[%clk 0:26:15]} 42. Kxc5 {[%clk 0:45:41]} g5 {[%clk 0:26:40]} 43. Kc6
{[%clk 0:43:19]} Kd8 {[%clk 0:26:51]} 44. b4 {[%clk 0:37:09]} h4 {[%clk 0:27:12]}
45. gxh4 {[%clk 0:32:31]} gxh4 {[%clk 0:27:36]} 46. b5 {[%clk 0:32:55]} h3
{[%clk 0:27:42]} 47. b6 {[%clk 0:30:00]} Ba6 {[%clk 0:27:01]} 48. b7
{[%clk 0:29:47]} Bxb7+ {[%clk 0:27:26]} 49. Kxb7 {[%clk 0:30:08]} h2
{[%clk 0:27:54]} 50. a6 {[%clk 0:30:10]} h1=Q+ {[%clk 0:28:17]} 51. Kb8
{[%clk 0:30:32]} Qb1+ {[%clk 0:27:30]} 52. Ka8 {[%clk 0:30:29]} Qb6
{[%clk 0:27:23]} 53. a7 {[%clk 0:30:20]} Qc6+ {[%clk 0:27:42]} 0-1